| 000 | 00345nam a22001337a 4500 | ||
|---|---|---|---|
| 008 | 170220b xxu||||| |||| 00| 0 eng d | ||
| 020 | _a1563635011 | ||
| 041 | _aeng | ||
| 080 |
_226TH _a615 |
||
| 100 | _a5 | ||
| 101 | _aSHF | ||
| 245 |
_aPHYSICIANS' DESK REFERENCE FOR NONPRESCRIPTION DRUGS AND DIETARY SUPPLEMENTS _cDUPLAY, D |
||
| 942 |
_2udc _cBK |
||
| 999 |
_c5889 _d5889 |
||